| 000 | 00521nam a2200169 i 4500 | ||
|---|---|---|---|
| 001 | 32442 | ||
| 003 | ES-MaACL | ||
| 005 | 20230906154556.0 | ||
| 007 | t| | ||
| 008 | 030131s1961 ag ||||1| spa d | ||
| 100 | 1 |
_aBenoist-Mechin, Jacques. _927750 |
|
| 245 | 1 | 0 |
_aPrimavera árabe / _cJacques Benoist-Mechin ; [traducción de Mary de Olivero]. |
| 260 |
_aBuenos Aires : _bPlaza & Janés, _c[1961] |
||
| 300 |
_a467 p., 3 lám. ; _c26 cm. |
||
| 700 | 1 |
_aOlivero, Mary de. _986867 |
|
| 852 |
_aES-MaACL _jC-19905 _bR.47705 |
||
| 999 |
_c32442 _d32442 |
||